Encouraging new business models (Record no. 114394)

MARC details
000 -LEADER
fixed length control field 01522cad a22002295a 4500
001 - CONTROL NUMBER
control field L156744
008 - FIXED-LENGTH DATA ELEMENTS--GENERAL INFORMATION
fixed length control field 120709s2012 xxk f 000 0 eng d
035 ## - SYSTEM CONTROL NUMBER
System control number (Sirsi) u156744
041 0# - LANGUAGE CODE
Language code of text/sound track or separate title eng
110 2# - MAIN ENTRY--CORPORATE NAME
Corporate name or jurisdiction name as entry element United Kingdom
Subordinate unit Department for Business, Innovation and Skills
9 (RLIN) 5760
245 00 - TITLE STATEMENT
Title Encouraging new business models
Remainder of title Proposal to amend Estate Agents Act 1979
Medium [electronic resource]
260 ## - PUBLICATION, DISTRIBUTION, ETC.
Place of publication, distribution, etc. London
Name of publisher, distributor, etc. BIS
Date of publication, distribution, etc. 2012
520 ## - SUMMARY, ETC.
Summary, etc. Outlines plans to amend the definition of estate agency work in the Estate Agent Act 1979 in the light of changing business practices in the home buying and selling market. The current definition, which predates the internet and the growth in online property businesses is felt to be out of date and too restrictive and is stopping the development of new business models within the property industry. It is proposed that online sites which as act as passive intermediaries between buyers and sellers should be outside the scope of the Act whilst businesses which offer personalised advice to buyers or sellers or handle money belonging to clients should remain within the scope of the Act.
520 ## - SUMMARY, ETC.
Summary, etc. Consultation closes 10 August 2012.
590 ## - LOCAL NOTE (RLIN)
Local note KA
650 24 - SUBJECT ADDED ENTRY--TOPICAL TERM
Topical term or geographic name entry element ESTATE AGENTS ACT 1979
651 #4 - SUBJECT ADDED ENTRY--GEOGRAPHIC NAME
Geographic name United Kingdom
690 ## - LOCAL SUBJECT ADDED ENTRY--TOPICAL TERM (OCLC, RLIN)
Topical term or geographic name as entry element Sales
9 (RLIN) 6269
690 ## - LOCAL SUBJECT ADDED ENTRY--TOPICAL TERM (OCLC, RLIN)
Topical term or geographic name as entry element Residential property
9 (RLIN) 6266
856 40 - ELECTRONIC LOCATION AND ACCESS
Uniform Resource Identifier <a href="https://bis.gov.uk/assets/biscore/consumer-issues/docs/p/12-931-proposal-amend-estate-agents-act-1979.pdf">https://bis.gov.uk/assets/biscore/consumer-issues/docs/p/12-931-proposal-amend-estate-agents-act-1979.pdf</a>
Public note View the item free of charge from www.bis.gov.uk
942 ## - ADDED ENTRY ELEMENTS (KOHA)
Suppress in OPAC 0
Holdings
Withdrawn status Lost status Source of classification or shelving scheme Damaged status Not for loan Home library Current library Shelving location Date acquired Total Checkouts Full call number Barcode Date last seen Copy number Price effective from Koha item type
    Dewey Decimal Classification     Virtual Virtual Online 09/07/2012   ONLINE PUBLICATION 156744-2001 06/08/2019 1 06/08/2019 Book